000 00372nam a2200157Ia 4500
999 _c5812
_d5812
003 OSt
008 191201s2013 xx 000 0 und d
082 _a620.106
_bCEF
100 _aCENGEL, YUNUS A
245 0 _aFluid Mechanics Fundamentals and Applications
250 _aRep
260 _aN. delhi
_bTMH
_c2013
300 _a980
650 _aB.Tech(CE)
942 _2ddc
_cBK